| 000 | 006650000a22001930004500 | ||
|---|---|---|---|
| 090 |
_aAR _b03470 |
||
| 245 | 1 | 0 |
_aAnálisis de la meiosis en el macho de Cephalocoema flavirostris (Blancard), 1851 _sOrthoptera, Proscopiidae |
| 650 | 1 | 4 |
_aEntomología _94483 |
| 650 | 1 | 4 |
_aAnálisis genético _975159 |
| 650 | 1 | 4 |
_aCiclo biológico _948649 |
| 650 | 1 | 4 |
_aMeiosis _997096 |
| 650 | 1 | 4 |
_aCitogenética _915968 |
| 651 | 4 |
_lParque Hualpén _dConcepción _pChile _992749 |
|
| 653 |
_gCephalocoema _eCephalocoema flavirostris |
||
| 041 | 0 | _aEspañol | |
| 100 | 1 |
_aCea Cifuentes, Guido _997097 |
|
| 942 | _cARTICULO | ||
| 773 | 1 |
_tBol. Soc. Biol. de Concepcion _q289-296 _d1974 _g48 |
|
| 999 |
_c12521 _d12521 |
||